[Event "March Lviv Tradition (IM-group)"]
[Site "Lviv"]
[Date "2015.03.24"]
[Round "1.1"]
[White "Bunyatov, Rustam"]
[Black "Doluhanova, Evgeniya"]
[Result "0-1"]
[WhiteElo "2078"]
[BlackElo "2292"]
[PlyCount "121"]
[EventDate "2015.03.24"]

1. Nf3 Nf6 2. c4 e6 3. g3 d5 4. Bg2 Be7 5. O-O O-O 6. b3 b6 7. Bb2 Bb7 8. Ne5
Nbd7 9. d3 Nxe5 10. Bxe5 c5 11. Nd2 Qd7 12. a3 d4 13. Bxb7 Qxb7 14. Bxf6 Bxf6
15. b4 Be7 16. Qa4 f5 17. bxc5 Bxc5 18. Nb3 Rac8 19. Nxc5 Rxc5 20. Rab1 f4 21.
Rb5 fxg3 22. hxg3 h5 23. Rxc5 bxc5 24. Qb5 Qc7 25. Rb1 Qe5 26. Qc6 Qxe2 27. Rb7
Qe5 28. Rb1 Qf5 29. Rb2 h4 30. Re2 hxg3 31. Qxe6+ Qxe6 32. Rxe6 gxf2+ 33. Kf1
Rf3 34. Re5 Rxd3 35. Kxf2 Rxa3 36. Rxc5 Rc3 37. Rc7 a5 38. c5 a4 39. Ke2 a3 40.
Ra7 Rxc5 41. Kd3 Rd5 42. Rxa3 Kh7 43. Ke4 Rd7 44. Rh3+ Kg6 45. Rg3+ Kf6 46.
Rf3+ Ke6 47. Kd3 Ke5 48. Kd2 g5 49. Rf1 g4 50. Rf8 g3 51. Ke2 d3+ 52. Kd2 Rg7
53. Re8+ Kf4 54. Rf8+ Kg4 55. Ke3 Rg5 56. Rd8 g2 57. Kf2 Kf4 58. Kg1 Ke3 59.
Re8+ Kd2 60. Ra8 Ke2 61. Re8+ 0-1

[Event "March Lviv Tradition (IM-group)"]
[Site "Lviv"]
[Date "2015.03.24"]
[Round "1.2"]
[White "Anwesh, Upadhyaya"]
[Black "Terletsky, Oleg"]
[Result "1-0"]
[WhiteElo "2366"]
[BlackElo "2257"]
[PlyCount "81"]
[EventDate "2015.03.24"]

1. e4 e5 2. Nf3 Nc6 3. Bb5 a6 4. Ba4 Nf6 5. O-O b5 6. Bb3 Be7 7. Re1 O-O 8. c3
d6 9. d4 Bg4 10. d5 Na5 11. Bc2 c6 12. h3 Bd7 13. Nxe5 dxe5 14. d6 Be6 15. dxe7
Qxe7 16. Qf3 Nd7 17. Nd2 c5 18. Nf1 c4 19. Ne3 Nc5 20. Nd5 Qb7 21. Be3 Rac8 22.
Rad1 Nd3 23. Bxd3 cxd3 24. Nb4 f5 25. Bc1 Rcd8 26. b3 Qc8 27. Rxd3 fxe4 28.
Qxe4 Rxd3 29. Qxd3 Nc6 30. Nxc6 Qxc6 31. Rxe5 Bf7 32. Be3 Re8 33. Rc5 Qe4 34.
Qd2 h6 35. Kh1 Re5 36. Rc8+ Kh7 37. Qd4 Qf5 38. Rc7 Rd5 39. Qg4 Qxg4 40. hxg4
Bg6 41. Bd4 1-0

[Event "March Lviv Tradition (IM-group)"]
[Site "Lviv"]
[Date "2015.03.24"]
[Round "1.3"]
[White "Osmak, Iulija"]
[Black "Buksa, Nataliya"]
[Result "1/2-1/2"]
[WhiteElo "2405"]
[BlackElo "2160"]
[PlyCount "96"]
[EventDate "2015.03.24"]

1. e4 c5 2. c3 d5 3. exd5 Qxd5 4. d4 Nf6 5. Nf3 Bg4 6. Nbd2 Nc6 7. Bc4 Bxf3 8.
Qb3 Na5 9. Qb5+ Qd7 10. Nxf3 Nxc4 11. Qxc4 cxd4 12. Nxd4 e6 13. Bg5 Rc8 14. Qb3
Bc5 15. Bxf6 gxf6 16. Rd1 O-O 17. O-O Qc7 18. Rd3 Kh8 19. Qd1 Rg8 20. Qf3 f5
21. Rfd1 Rcd8 22. g3 a6 23. Qh5 Qe7 24. b4 Bb6 25. Nf3 Kg7 26. Ne5 Rxd3 27.
Rxd3 Rd8 28. Qf3 Rxd3 29. Nxd3 Qc7 30. Nb2 Ba7 31. Qd3 Qe5 32. Qd2 h6 33. Nc4
Qe4 34. Nd6 Qf3 35. Nc8 Bb8 36. Qd4+ e5 37. Qd7 f4 38. c4 Qe4 39. Qg4+ Qg6 40.
Qxg6+ fxg6 41. Kg2 e4 42. gxf4 Bxf4 43. Nb6 Kf7 44. Nd5 Bd6 45. c5 Be5 46. h3
$11 Ke6 47. Ne3 Bc3 48. a3 a5 $11 1/2-1/2

[Event "March Lviv Tradition (IM-group)"]
[Site "Lviv"]
[Date "2015.03.24"]
[Round "1.4"]
[White "Shkuran, Daniil"]
[Black "Sevostianov, Pavel"]
[Result "1/2-1/2"]
[WhiteElo "2386"]
[BlackElo "2268"]
[PlyCount "50"]
[EventDate "2015.03.24"]

1. e4 e6 2. d4 d5 3. exd5 exd5 4. Bd3 Nf6 5. Ne2 Nc6 6. c3 Ne7 7. O-O Ng6 8.
Re1 Be7 9. Ng3 O-O 10. Nf5 Bxf5 11. Bxf5 c6 12. Nd2 Ne8 13. Nf3 Nh4 14. Nxh4
Bxh4 15. Qg4 Nd6 16. Bf4 Bf6 17. Bxd6 Qxd6 18. Re2 Rfe8 19. Rae1 Rxe2 20. Rxe2
g6 21. Bd3 Rd8 22. Qg3 Qxg3 23. hxg3 Kf8 24. Kf1 Re8 25. Rxe8+ Kxe8 1/2-1/2

[Event "March Lviv Tradition (IM-group)"]
[Site "Lviv"]
[Date "2015.03.24"]
[Round "1.5"]
[White "Ivanenko, Olga I"]
[Black "Sabuk, Piotr"]
[Result "0-1"]
[WhiteElo "2146"]
[BlackElo "2312"]
[PlyCount "72"]
[EventDate "2015.03.24"]

1. e4 e5 2. Nf3 Nc6 3. Bc4 Bc5 4. c3 Nf6 5. d3 a6 6. Bb3 Ba7 7. h3 d5 8. exd5
Nxd5 9. O-O O-O 10. Re1 Qd6 11. Nbd2 Nf4 12. Ne4 Qg6 13. Bxf4 exf4 14. Kh2 Na5
15. Ne5 Qf5 16. Bxf7+ Rxf7 17. Nxf7 Kxf7 18. b4 Nc6 19. Qb3+ Kf8 20. d4 Be6 21.
Nd6 Bxb3 22. Nxf5 Bd5 23. a4 $11 b5 24. axb5 axb5 25. Ra6 g6 26. Nh6 Rd8 27. c4
bxc4 28. b5 Bxd4 29. bxc6 Bxf2 30. Rd1 c3 31. Ng4 Bg3+ 32. Kg1 c2 33. Rc1 Bb3
34. Nf2 Rd2 35. Ra8+ Kg7 36. Raa1 Bxf2+ 0-1

[Event "March Lviv Tradition (IM-group)"]
[Site "Lviv"]
[Date "2015.03.25"]
[Round "2.1"]
[White "Doluhanova, Evgeniya"]
[Black "Sabuk, Piotr"]
[Result "1/2-1/2"]
[WhiteElo "2292"]
[BlackElo "2312"]
[PlyCount "111"]
[EventDate "2015.03.24"]

1. e4 e5 2. Nf3 Nc6 3. Nc3 g6 4. d4 exd4 5. Nd5 Bg7 6. Bg5 Nce7 7. Nxd4 h6 8.
Bh4 c6 9. Nc3 d5 10. exd5 Qb6 11. Nb3 Qb4 12. Bxe7 Nxe7 13. dxc6 Bxc3+ 14. bxc3
Qxc3+ 15. Qd2 Qxd2+ 16. Kxd2 Nxc6 17. Bb5 Bd7 18. Rhe1+ Kd8 19. Nc5 Kc7 20.
Nxd7 Rad8 21. Bxc6 Kxc6 22. Kc3 Rxd7 23. Re4 b6 24. Rae1 Rhd8 25. Rf4 Kb7 26.
Rf6 Rc8+ 27. Kb3 Rc6 28. Rf3 b5 29. Re8 f5 30. Rg8 Rd2 31. Rc3 g5 32. h4 gxh4
33. Rg7+ Kb6 34. Rxc6+ Kxc6 35. Rxa7 Rxf2 36. Ra6+ Kd5 37. Rxh6 Rxg2 38. Rxh4
Rg3+ 39. c3 Ke5 40. Rb4 f4 41. Rxb5+ Ke4 42. Rb8 f3 43. Re8+ Kd3 44. Rd8+ Ke2
45. Re8+ Kf1 46. a4 f2 47. Rf8 Ke2 48. Rxf2+ Kxf2 49. a5 Ke3 50. Kb4 Ke4 51. a6
Rg1 52. Kc5 Ra1 53. Kb6 Kd5 54. a7 Kd6 55. Kb7 Rb1+ 56. Kc8 $11 1/2-1/2

[Event "March Lviv Tradition (IM-group)"]
[Site "Lviv"]
[Date "2015.03.25"]
[Round "2.2"]
[White "Sevostianov, Pavel"]
[Black "Ivanenko, Olga I"]
[Result "1/2-1/2"]
[WhiteElo "2268"]
[BlackElo "2146"]
[PlyCount "38"]
[EventDate "2015.03.24"]

1. Nf3 Nf6 2. c4 g6 3. Nc3 d5 4. cxd5 Nxd5 5. Qa4+ Bd7 6. Qb3 Nb6 7. d4 Bg7 8.
Bf4 O-O 9. e3 Be6 10. Qc2 c5 11. dxc5 N6d7 12. Nd4 Nxc5 13. Rd1 Qa5 14. Be2 Nc6
15. Nxc6 bxc6 16. O-O Rfd8 17. Rxd8+ Rxd8 18. Rd1 Rxd1+ 19. Qxd1 Qb6 $11
1/2-1/2

[Event "March Lviv Tradition (IM-group)"]
[Site "Lviv"]
[Date "2015.03.25"]
[Round "2.3"]
[White "Buksa, Nataliya"]
[Black "Shkuran, Daniil"]
[Result "1-0"]
[WhiteElo "2160"]
[BlackElo "2386"]
[PlyCount "63"]
[EventDate "2015.03.24"]

1. e4 c5 2. Nf3 e6 3. d4 cxd4 4. Nxd4 a6 5. Nc3 Qc7 6. Be2 Nf6 7. O-O Be7 8.
Be3 O-O 9. f4 d6 10. Kh1 Nc6 11. Qe1 Nxd4 12. Bxd4 b5 13. a3 Bb7 14. Qg3 Bc6
15. Rae1 Qb7 16. Bd3 Rfd8 17. Bxf6 Bxf6 18. e5 Be7 19. Ne4 Bxe4 20. Bxe4 d5 21.
Bd3 Bf8 22. f5 exf5 23. Bxf5 Qb8 24. Qh4 g6 25. e6 gxf5 26. e7 Bxe7 27. Rxe7
Re8 28. Rxf5 Qd6 29. Rfxf7 Qg6 30. Rxh7 Rxe7 31. Rxe7 Rc8 32. Rd7 1-0

[Event "March Lviv Tradition (IM-group)"]
[Site "Lviv"]
[Date "2015.03.25"]
[Round "2.4"]
[White "Terletsky, Oleg"]
[Black "Osmak, Iulija"]
[Result "1/2-1/2"]
[WhiteElo "2257"]
[BlackElo "2405"]
[PlyCount "103"]
[EventDate "2015.03.24"]

1. e4 e6 2. d4 d5 3. Nd2 Nd7 4. e5 c5 5. c3 Qb6 6. Ndf3 cxd4 7. cxd4 Bb4+ 8.
Bd2 f6 9. Bxb4 Qxb4+ 10. Qd2 Qxd2+ 11. Kxd2 Nh6 12. Bb5 Ke7 13. Ne2 a6 14. Bxd7
Bxd7 15. h3 Rhf8 16. Rhc1 Rac8 17. Rxc8 Rxc8 18. Nf4 Nf5 19. g4 fxe5 20. dxe5
Rc4 21. Ne2 Nh6 22. Ned4 Nf7 23. b3 Rc5 24. Rc1 b6 25. Rc3 g5 26. a3 h6 27. Kd3
Bc8 28. b4 Rxc3+ 29. Kxc3 Bd7 30. Kb3 Kd8 31. a4 a5 32. b5 Ke7 33. Kc3 Nd8 34.
h4 Nf7 $11 35. hxg5 hxg5 36. Ne2 Kf8 37. Ng3 Nh6 38. Nxg5 Nxg4 39. f4 Ne3 40.
Nh7+ Ke7 41. Nf6 Nd1+ 42. Kd4 Nb2 43. f5 Nxa4 44. Nxd7 Kxd7 45. fxe6+ Kxe6 46.
Ne2 Nc5 47. Nf4+ Kf5 48. Nxd5 Nd7 49. Ne3+ $11 Ke6 50. Nc4 a4 51. Kc3 Nxe5 52.
Nxb6 1/2-1/2

[Event "March Lviv Tradition (IM-group)"]
[Site "Lviv"]
[Date "2015.03.25"]
[Round "2.5"]
[White "Bunyatov, Rustam"]
[Black "Anwesh, Upadhyaya"]
[Result "0-1"]
[WhiteElo "2078"]
[BlackElo "2366"]
[PlyCount "96"]
[EventDate "2015.03.24"]

1. e4 e5 2. Nf3 Nc6 3. Bc4 Bc5 4. O-O Nf6 5. d3 O-O 6. a3 d6 7. b4 Bb6 8. h3
Be6 9. Qe2 h6 10. Be3 Bxe3 11. Qxe3 d5 12. exd5 Nxd5 13. Bxd5 Bxd5 14. Nbd2 f6
15. b5 Ne7 16. Nh4 g5 17. Nhf3 Ng6 18. c4 Bf7 19. Ne4 Re8 20. Rfe1 f5 21. Nc3
Qd6 22. a4 c5 23. bxc6 bxc6 24. Rab1 Re7 25. Red1 Rd8 26. h4 g4 27. Ne1 Nxh4
28. g3 f4 29. Qe2 Nf5 30. Qxg4+ Qg6 31. Qxg6+ Bxg6 32. gxf4 exf4 33. Rb2 Nd4
34. Ng2 Nf3+ 35. Kh1 Rf8 36. Ne2 Ref7 37. Ng1 Ne5 38. f3 Nxd3 39. Rbd2 Rf5 40.
Ne1 Rh5+ 41. Kg2 Ne5 42. Rd6 Bf7 43. Nc2 Bxc4 44. R1d4 Rf7 45. Rxc4 Nxc4 46.
Rxc6 Rg7+ 47. Kf1 Nd2+ 48. Ke1 Rh2 0-1

[Event "March Lviv Tradition (IM-group)"]
[Site "Lviv"]
[Date "2015.03.25"]
[Round "3.1"]
[White "Anwesh, Upadhyaya"]
[Black "Doluhanova, Evgeniya"]
[Result "0-1"]
[WhiteElo "2366"]
[BlackElo "2292"]
[PlyCount "64"]
[EventDate "2015.03.24"]

1. d4 Nf6 2. c4 e6 3. g3 d5 4. Nf3 Bb4+ 5. Bd2 Bd6 6. Bg2 c6 7. Qc2 Nbd7 8. O-O
O-O 9. Rd1 Qe7 10. Bg5 h6 11. Bxf6 Nxf6 12. Nbd2 Bd7 13. e4 dxe4 14. Nxe4 Nxe4
15. Qxe4 Rad8 16. Rd3 Bc8 17. c5 Bc7 18. b4 a5 19. a3 Qd7 20. Rad1 axb4 21.
axb4 Qd5 22. Qe1 Qc4 23. Bf1 Qa2 24. Qc3 e5 25. Nxe5 Bf5 26. Re3 Qc2 27. Qxc2
Bxc2 28. Rd2 Bf5 29. Bc4 Bh3 30. Ng6 Ra8 31. f4 Rfe8 32. Rde2 Ra1+ 0-1

[Event "March Lviv Tradition (IM-group)"]
[Site "Lviv"]
[Date "2015.03.25"]
[Round "3.2"]
[White "Osmak, Iulija"]
[Black "Bunyatov, Rustam"]
[Result "1-0"]
[WhiteElo "2405"]
[BlackElo "2078"]
[PlyCount "112"]
[EventDate "2015.03.24"]

1. e4 e5 2. Nf3 Nf6 3. Nxe5 d6 4. Nf3 Nxe4 5. Nc3 Nxc3 6. dxc3 Be7 7. Bf4 Nc6
8. Qd2 Be6 9. O-O-O Qd7 10. Kb1 a6 11. Ng5 Bxg5 12. Bxg5 f6 13. Be3 O-O-O 14.
h3 Rhe8 15. b3 Bf5 16. Be2 Re7 17. g4 Be4 18. Rhg1 Rde8 19. Rg3 h6 20. Bf1 Kb8
21. Kb2 Na7 22. f3 Bh7 23. Bg1 Nc8 24. h4 Qc6 25. a4 Nb6 26. Bf2 Re5 27. Bd4
R5e7 28. g5 hxg5 29. hxg5 f5 30. g6 Bg8 31. Bd3 Qd5 32. Bxb6 cxb6 33. Qg5 Be6
34. Re1 Rc7 35. Bxf5 Qc6 36. f4 Bxf5 37. Rxe8+ Qxe8 38. Qxf5 Ka7 39. Rd3 Rc5
40. Qg4 Qe7 41. Qg1 Qf6 42. Rd4 a5 43. Qg4 Rc7 44. Qg3 Rc6 45. Qd3 Ka8 46. f5
Ka7 47. Rd5 Kb8 48. Qd4 Qe7 49. Rb5 Qc7 50. f6 gxf6 51. Qxf6 d5 52. Qh8+ Ka7
53. Rxd5 Rxg6 54. Rd8 b5 55. Ra8+ Kb6 56. Qd4+ Kc6 1-0

[Event "March Lviv Tradition (IM-group)"]
[Site "Lviv"]
[Date "2015.03.25"]
[Round "3.3"]
[White "Shkuran, Daniil"]
[Black "Terletsky, Oleg"]
[Result "1/2-1/2"]
[WhiteElo "2386"]
[BlackElo "2257"]
[PlyCount "138"]
[EventDate "2015.03.24"]

1. e4 e5 2. Nf3 Nc6 3. Bb5 a6 4. Ba4 Nf6 5. Qe2 b5 6. Bb3 Be7 7. O-O O-O 8. c3
d5 9. d3 d4 10. Rd1 Bg4 11. h3 Bxf3 12. Qxf3 Na5 13. Bc2 c5 14. Nd2 Nd7 15. Nf1
Bg5 16. Ng3 g6 17. Qg4 Bxc1 18. Raxc1 Nc6 19. Bb3 Na5 20. cxd4 Nxb3 21. axb3
exd4 22. f4 a5 23. e5 Qe7 24. Re1 Ra6 25. Nf5 Qe6 26. Nh6+ Kh8 27. f5 gxf5 28.
Nxf5 Rg8 29. Qf4 Qd5 30. Re2 Rag6 31. Rcc2 Qxb3 32. Rcd2 Qe6 33. Kh2 Nb6 34.
Rc2 Nd5 35. Qf3 Ne3 36. Nxe3 Qxe5+ 37. Kh1 dxe3 38. Rxe3 Qd6 39. Qf5 Rf6 40.
Qe5 Rg5 41. Qxd6 Rxd6 42. Re8+ Kg7 43. Rb8 b4 44. Rb5 Rxd3 45. Rxa5 Rb3 46. Kh2
h6 47. Raxc5 Rxc5 48. Rxc5 Rxb2 49. Rb5 Rb3 50. Rb6 h5 51. h4 f6 52. Rb7+ Kh6
53. Rb6 Kg6 54. Rb5 Rb1 55. Kg3 b3 56. Kh2 f5 57. Rb6+ Kf7 58. Kg3 Rb2 59. Kf3
Ke7 60. g3 Kd7 61. Kf4 Kc7 62. Rb4 Rf2+ 63. Ke3 Rg2 64. Kf3 Rb2 65. Kf4 Kc6 66.
Rb8 Kc5 67. Kxf5 Kc4 68. Rc8+ Kd4 69. Rd8+ Kc4 $11 1/2-1/2

[Event "March Lviv Tradition (IM-group)"]
[Site "Lviv"]
[Date "2015.03.25"]
[Round "3.4"]
[White "Ivanenko, Olga I"]
[Black "Buksa, Nataliya"]
[Result "0-1"]
[WhiteElo "2146"]
[BlackElo "2160"]
[PlyCount "124"]
[EventDate "2015.03.24"]

1. d4 Nf6 2. Nf3 d5 3. c3 Bf5 4. Bg5 h6 5. Bh4 e6 6. Nbd2 Be7 7. e3 Nbd7 8. Be2
c5 9. Ne5 Nxe5 10. dxe5 Nd7 11. Bg3 O-O 12. O-O f6 13. e4 dxe4 14. Bc4 Nxe5 15.
Bxe5 fxe5 16. Qe2 a6 17. a4 Qb6 18. Nxe4 Kh8 19. b3 Qc6 20. f3 Rad8 21. Rad1
Rxd1 22. Rxd1 Rd8 23. Rxd8+ Bxd8 24. Ng3 Qd6 25. Ne4 Qc6 26. Ng3 Bf6 27. Ne4
Kh7 28. Bd3 Kg8 29. Bc4 Kf7 30. Qd3 Ke7 31. Kf2 Bg5 32. Qe2 Bf6 33. Qe3 Bxe4
34. fxe4 b5 35. axb5 axb5 36. Be2 Bg5 37. Qd3 b4 38. cxb4 cxb4 39. Qc4 Qd6 40.
Bd3 h5 41. Kf1 h4 42. Be2 Be3 43. Qd3 Qc5 44. Qc4 Qb6 45. Qb5 Qd4 46. Qd3 Qa7
47. Qa6 Qd4 48. Qd3 Qa1+ 49. Qd1 Qb2 50. Qd3 Bd4 51. Qf3 Bc3 52. Bd1 Qd2 53.
Qe2 Qf4+ 54. Kg1 g6 55. Qf3 Qd2 56. Qe2 Qc1 57. Kf1 Bd4 58. Qf3 Qd2 59. Be2 Bc5
60. Bd1 g5 61. Be2 Qd4 62. Bc4 g4 0-1

[Event "March Lviv Tradition (IM-group)"]
[Site "Lviv"]
[Date "2015.03.25"]
[Round "3.5"]
[White "Sabuk, Piotr"]
[Black "Sevostianov, Pavel"]
[Result "0-1"]
[WhiteElo "2312"]
[BlackElo "2268"]
[PlyCount "80"]
[EventDate "2015.03.24"]

1. d4 Nf6 2. c4 g6 3. Nc3 Bg7 4. e4 O-O 5. Nf3 c6 6. Bd3 d6 7. O-O Bg4 8. Rb1
Bxf3 9. Qxf3 Nfd7 10. Be3 c5 11. d5 Ne5 12. Qe2 Nxd3 13. Qxd3 Nd7 14. Bd2 a6
15. a4 Rb8 16. f4 b6 17. g4 Rb7 18. e5 dxe5 19. f5 Nf6 $11 20. g5 Nh5 21. Ne4
Nf4 22. Bxf4 exf4 23. Rxf4 Bd4+ 24. Kh1 b5 25. d6 exd6 26. Qf3 Rd7 27. Rd1 Be5
28. b3 bxc4 29. bxc4 Qe7 30. Rh4 h5 31. Re1 Qd8 32. f6 Re8 33. Re3 Qa8 34. Rd3
Bd4 35. Kg2 Rdd8 36. Nd2 Qc8 37. Kf1 Re5 38. Ne4 Qe6 39. Rf4 Re8 40. Nd2 Re1+
0-1

[Event "March Lviv Tradition (IM-group)"]
[Site "Lviv"]
[Date "2015.03.26"]
[Round "4.1"]
[White "Doluhanova, Evgeniya"]
[Black "Sevostianov, Pavel"]
[Result "1/2-1/2"]
[WhiteElo "2292"]
[BlackElo "2268"]
[PlyCount "44"]
[EventDate "2015.03.24"]

1. e4 c5 2. Nf3 d6 3. d4 cxd4 4. Nxd4 Nf6 5. Nc3 a6 6. Be3 g6 7. f3 h5 8. Qd2
Nbd7 9. O-O-O b5 10. Kb1 Qc7 11. h3 Nb6 12. Bd3 Bg7 13. g4 Bb7 14. gxh5 Rxh5
15. Rhg1 Nc4 16. Bxc4 Qxc4 17. Nce2 Rxh3 18. Nf4 Rh7 19. b3 Qc7 20. Rxg6 fxg6
21. Nfe6 Qc8 22. Qg2 Kf7 $11 1/2-1/2

[Event "March Lviv Tradition (IM-group)"]
[Site "Lviv"]
[Date "2015.03.26"]
[Round "4.2"]
[White "Buksa, Nataliya"]
[Black "Sabuk, Piotr"]
[Result "1/2-1/2"]
[WhiteElo "2160"]
[BlackElo "2312"]
[PlyCount "71"]
[EventDate "2015.03.24"]

1. e4 e5 2. Nf3 Nc6 3. Bb5 a6 4. Ba4 Nf6 5. O-O Be7 6. Re1 b5 7. Bb3 d6 8. c3
O-O 9. h3 Bb7 10. d4 Re8 11. Nbd2 Bf8 12. d5 Nb8 13. Nf1 Nbd7 14. N3h2 a5 15.
Bc2 c6 16. dxc6 Bxc6 17. Bg5 Qc8 18. Ng4 Nxg4 19. hxg4 Qb7 20. Qf3 Nc5 21. Rad1
a4 22. a3 Ne6 23. Bh4 Nc5 24. Bg5 Rac8 25. Ng3 Ne6 26. Bc1 g6 27. Bb1 Rcd8 28.
Ba2 Rd7 29. Bd5 Red8 30. Nf1 Bxd5 31. exd5 Nc5 32. Bg5 Be7 33. Be3 e4 34. Qf4
Nd3 35. Rxd3 exd3 36. Bd4 $11 1/2-1/2

[Event "March Lviv Tradition (IM-group)"]
[Site "Lviv"]
[Date "2015.03.26"]
[Round "4.3"]
[White "Terletsky, Oleg"]
[Black "Ivanenko, Olga I"]
[Result "0-1"]
[WhiteElo "2257"]
[BlackElo "2146"]
[PlyCount "68"]
[EventDate "2015.03.24"]

1. e4 c5 2. Nf3 d6 3. d4 cxd4 4. Nxd4 Nf6 5. f3 e5 6. Nb3 Be6 7. c4 a5 8. Be3
Nc6 9. Nc3 a4 10. Nd2 Qa5 11. Rc1 Nd7 12. Bd3 Be7 13. O-O O-O 14. Nd5 Bd8 15.
Qe2 h6 16. g3 Nc5 17. Bb1 Bh3 18. Rfd1 Ne6 19. f4 f5 20. exf5 Ned4 21. Qh5 Bxf5
22. Ne4 Ne7 23. Bxd4 Nxd5 24. cxd5 exd4 25. Nf6+ Rxf6 26. Bxf5 Bb6 27. Rc8+
Rxc8 28. Bxc8 d3+ 29. Kg2 Qb5 30. Re1 Rf8 31. Be6+ Kh8 32. Qg6 d2 33. Bf5 Qxd5+
34. Be4 dxe1=N+ 0-1

[Event "March Lviv Tradition (IM-group)"]
[Site "Lviv"]
[Date "2015.03.26"]
[Round "4.4"]
[White "Bunyatov, Rustam"]
[Black "Shkuran, Daniil"]
[Result "0-1"]
[WhiteElo "2078"]
[BlackElo "2386"]
[PlyCount "48"]
[EventDate "2015.03.24"]

1. c4 Nf6 2. Nc3 g6 3. e4 d6 4. d4 Bg7 5. Nf3 O-O 6. Be2 e5 7. Be3 Nbd7 8. d5
Ng4 9. Bg5 f6 10. Bh4 Nh6 11. Nd2 Nf7 12. f3 Bh6 13. Bf2 a5 14. O-O f5 15. Na4
Qg5 16. Nb3 fxe4 17. fxe4 Nf6 18. Bf3 Ng4 19. Bxg4 Bxg4 20. Qd3 Qh5 21. Nc3 Bf4
22. Bg3 Ng5 23. Nd2 Qh6 24. c5 Bxd2 0-1

[Event "March Lviv Tradition (IM-group)"]
[Site "Lviv"]
[Date "2015.03.26"]
[Round "4.5"]
[White "Anwesh, Upadhyaya"]
[Black "Osmak, Iulija"]
[Result "1-0"]
[WhiteElo "2366"]
[BlackElo "2405"]
[PlyCount "213"]
[EventDate "2015.03.24"]

1. d4 d5 2. Nf3 Nf6 3. c4 c6 4. e3 g6 5. Nc3 Bg7 6. Be2 O-O 7. O-O a6 8. a4 a5
9. Qb3 Na6 10. cxd5 cxd5 11. Bd2 Nb4 12. Rfc1 Bf5 13. Nb5 Nc6 14. Qa3 Re8 15.
b4 Ne4 16. bxa5 e5 17. Be1 exd4 18. Nfxd4 Nxd4 19. Nxd4 Bxd4 20. exd4 Nc3 21.
Rxc3 Rxe2 22. Re3 Rxe3 23. Qxe3 Qe8 24. Qb3 Qc6 $11 25. Bd2 Rc8 26. h3 Qc2 27.
Qe3 Qe4 28. Re1 Qxe3 29. Rxe3 Rc7 30. Rb3 Bc2 31. Rb5 Rd7 32. Bh6 Bxa4 33. Rc5
f6 34. Rc8+ Kf7 35. Bf8 Ke6 36. Bc5 Bb5 37. Re8+ Kf7 38. Rh8 Kg7 39. Rc8 Ba6
40. Re8 Kf7 41. Rf8+ Kg7 42. Kh2 Bb5 43. Kg3 Rc7 44. Rd8 Rd7 45. Rb8 Kf7 46.
Rf8+ Ke6 47. h4 Rf7 48. Rb8 Rd7 49. Kf4 Rg7 50. f3 Rd7 51. g4 Rf7 52. Rd8 Rd7
53. Re8+ Kf7 54. Rf8+ Kg7 55. Kg3 Bd3 56. Re8 h5 57. Kf4 Kf7 58. Re3 Bc2 59.
Rc3 Bb1 60. Rb3 Bc2 61. Rb6 Kg7 62. Bd6 Bd3 63. Bc5 Bc2 64. Rb2 Bd3 65. Rg2 Kf7
66. Ke3 Bf1 67. Rb2 Bc4 68. Rb6 Bf1 69. Bd6 Bc4 70. g5 fxg5 71. hxg5 Ke6 72.
Bf4+ Kf7 73. Rf6+ Kg7 74. Be5 Re7 75. Kd2 Bf1 76. Kc3 Rf7 77. Re6+ Kf8 78. f4
Bg2 79. Rxg6 Be4 80. Bd6+ Ke8 81. Rg8+ Kd7 82. Be5 Bh7 83. Rb8 Ke6 84. Kd2 Be4
85. Ke3 h4 86. Kf2 Rh7 87. Kg1 h3 88. Kh2 Bf5 89. Rf8 Rf7 90. Rh8 Rh7 91. Rg8
Kf7 92. Rd8 Rh4 93. Rd6 Ke7 94. Rf6 Be4 95. g6 Rg4 96. f5 Rg5 97. Rf7+ Ke8 98.
Bf6 Rxf5 99. Re7+ Kd8 100. Rxe4+ Rxf6 101. Rg4 Rf8 102. Kxh3 Rg8 103. g7 Ke7
104. Kg3 Ke6 105. Kf4 Kf6 106. Rg5 Rxg7 107. Rxg7 1-0

[Event "March Lviv Tradition (IM-group)"]
[Site "Lviv"]
[Date "2015.03.26"]
[Round "5.1"]
[White "Osmak, Iulija"]
[Black "Doluhanova, Evgeniya"]
[Result "1/2-1/2"]
[WhiteElo "2405"]
[BlackElo "2292"]
[PlyCount "99"]
[EventDate "2015.03.24"]

1. e4 c5 2. Nf3 d6 3. d4 cxd4 4. Nxd4 Nf6 5. Nc3 a6 6. g3 e5 7. Nb3 Be6 8. Bg2
Nbd7 9. O-O Be7 10. f4 Qb6+ 11. Kh1 h5 12. Nd5 Nxd5 13. exd5 Bg4 14. Bf3 e4 15.
Bxg4 hxg4 16. Qd4 Qxd4 17. Nxd4 Nb6 18. Re1 Nxd5 19. Rxe4 Kd7 20. c4 Nf6 21.
Re2 d5 22. Nf5 Bc5 23. b4 Bxb4 24. Rb2 a5 25. a3 g6 26. axb4 gxf5 27. bxa5 Kc8
28. Rb5 Rd8 29. Bb2 Ra6 30. Rd1 Ne4 31. Rdxd5 Rad6 32. Kg2 Rxd5 33. cxd5 Rd6
34. Be5 Ra6 35. Kg1 f6 36. Bb2 Nd6 37. Rc5+ Kd7 38. Ba3 Ra8 39. Bb4 Re8 40. Rc2
Re4 41. Bxd6 Kxd6 42. Rb2 Kxd5 43. Rb5+ Kd4 44. Kf2 Kd3 45. Rd5+ Rd4 46. Rxf5
Ra4 47. Rd5+ Ke4 48. Rb5 Ra2+ 49. Kg1 Ra1+ 50. Kg2 $11 1/2-1/2

[Event "March Lviv Tradition (IM-group)"]
[Site "Lviv"]
[Date "2015.03.26"]
[Round "5.2"]
[White "Shkuran, Daniil"]
[Black "Anwesh, Upadhyaya"]
[Result "1/2-1/2"]
[WhiteElo "2386"]
[BlackElo "2366"]
[PlyCount "42"]
[EventDate "2015.03.24"]

1. e4 e5 2. Nf3 Nc6 3. Bc4 Bc5 4. Nc3 Nf6 5. d3 d6 6. h3 h6 7. O-O O-O 8. Be3
Bb6 9. Bxb6 axb6 10. d4 Re8 11. Re1 Bd7 12. dxe5 Nxe5 13. Nxe5 dxe5 14. Qe2 Qe7
15. Red1 Rad8 16. Nd5 Nxd5 17. Bxd5 c6 18. Bb3 Be6 19. Rxd8 Rxd8 20. Rd1 Rxd1+
21. Qxd1 Qd7 $11 1/2-1/2

[Event "March Lviv Tradition (IM-group)"]
[Site "Lviv"]
[Date "2015.03.26"]
[Round "5.3"]
[White "Ivanenko, Olga I"]
[Black "Bunyatov, Rustam"]
[Result "1/2-1/2"]
[WhiteElo "2146"]
[BlackElo "2078"]
[PlyCount "114"]
[EventDate "2015.03.24"]

1. e4 e5 2. Nf3 Nc6 3. Bc4 Bc5 4. c3 Nf6 5. d3 d6 6. Bb3 O-O 7. Bg5 Qe7 8. Nbd2
Be6 9. Bc2 h6 10. Bh4 Bb6 11. h3 Rfe8 12. Qe2 Nb8 13. Nf1 Nbd7 14. Ne3 Qf8 15.
g4 g5 16. Bg3 Bxe3 17. fxe3 Nh7 18. d4 f6 19. d5 Bf7 20. h4 a6 21. O-O-O Qg7
22. hxg5 hxg5 23. Nd2 Bg6 24. Nf1 Nc5 25. Qf3 Kf7 26. Be1 Rh8 27. Ng3 Rag8 28.
Rd2 Nf8 29. Rdh2 Rxh2 30. Rxh2 Rh8 31. Nh5 Bxh5 32. gxh5 g4 33. Qf5 Qg5 34. Kd2
Nh7 35. Qg6+ Qxg6 36. hxg6+ Kxg6 37. b4 Nd7 38. Bd1 Kg7 39. Bxg4 Nhf8 40. Rg2
Kf7 41. c4 a5 42. a3 axb4 43. axb4 Rh1 44. Re2 Ke7 45. Kd3 Nh7 46. Bc3 Rd1+ 47.
Kc2 Rg1 48. Bf5 Ng5 49. Rh2 Nb6 50. c5 Nc4 51. Kd3 Nxe3 52. Bc8 Ng4 53. Bxg4
Rxg4 54. Bd2 Rxe4 55. Bxg5 Rd4+ 56. Kc3 fxg5 57. Rh7+ Kd8 1/2-1/2

[Event "March Lviv Tradition (IM-group)"]
[Site "Lviv"]
[Date "2015.03.26"]
[Round "5.4"]
[White "Sabuk, Piotr"]
[Black "Terletsky, Oleg"]
[Result "1-0"]
[WhiteElo "2312"]
[BlackElo "2257"]
[PlyCount "73"]
[EventDate "2015.03.24"]

1. d4 Nf6 2. c4 g6 3. Nc3 Bg7 4. e4 d6 5. Nf3 O-O 6. Be2 e5 7. d5 a5 8. Bg5 h6
9. Be3 Ng4 10. Bd2 f5 11. h3 Nf6 12. exf5 gxf5 13. Qc1 f4 14. g3 e4 15. Nh4 e3
16. fxe3 fxg3 17. Ng6 g2 18. Rg1 Bxh3 19. Qc2 Nbd7 20. O-O-O Ng4 21. Nf4 Rxf4
22. exf4 Qh4 23. Be1 Qf6 24. Qe4 Rf8 25. Qe6+ Qxe6 26. dxe6 Nc5 27. e7 Re8 28.
Bh4 Ne6 29. Nd5 c6 30. Rxg2 h5 31. Bxg4 hxg4 32. Re2 Nd4 33. Rxd4 Bxd4 34. Nc7
Kf7 35. Nxe8 Kxe8 36. Re6 Bf1 37. Rxd6 1-0

[Event "March Lviv Tradition (IM-group)"]
[Site "Lviv"]
[Date "2015.03.26"]
[Round "5.5"]
[White "Sevostianov, Pavel"]
[Black "Buksa, Nataliya"]
[Result "0-1"]
[WhiteElo "2268"]
[BlackElo "2160"]
[PlyCount "84"]
[EventDate "2015.03.24"]

1. e4 c5 2. Ne2 e6 3. d4 cxd4 4. Nxd4 d6 5. c4 Nf6 6. Nc3 Be7 7. Be2 O-O 8. O-O
a6 9. Be3 Qc7 10. Qd2 Nc6 11. Rfc1 Nxd4 12. Bxd4 b6 13. b4 Bb7 14. f3 Nd7 15.
Rab1 Rac8 16. Bf1 Bf6 17. Ne2 Rfd8 18. Be3 Qb8 19. Nc3 Ba8 20. Na4 b5 21. cxb5
axb5 22. Nc3 Bc6 23. Ne2 Ne5 24. Nd4 Bd7 25. Nb3 Nc4 26. Bxc4 bxc4 27. Na5 c3
28. Qf2 d5 29. exd5 exd5 30. Bd4 Qf4 31. Nb3 Rc4 32. Bxf6 Qxf6 33. Na5 $11 Rcc8
34. Nb7 Re8 35. Nc5 Bf5 36. Rb3 d4 37. Re1 d3 38. g4 Rxe1+ 39. Qxe1 Qd4+ 40.
Qf2 Qxf2+ 41. Kxf2 c2 42. Rc3 d2 0-1